| 000 | 07966nam a22005417a 4500 | ||
|---|---|---|---|
| 005 | 20100220110843.0 | ||
| 010 | _aB-403509-537 | ||
| 020 |
_a9788173157479 _c125.00 |
||
| 035 | _aB-403509-537 | ||
| 037 | _bप्रभात प्रकाशन/ PUB | ||
| 082 | _a954.03 | ||
| 100 |
_aगांधी, महात्मा _922438 |
||
| 245 |
_aहिंद स्वराज / _cमहात्मा गांधी |
||
| 260 |
_aदिल्ली _bप्रभात प्रकाशन _c2010 |
||
| 270 |
_a4/19 आसफ अली रोड _bदिल्ली _e110002 |
||
| 300 |
_a131पृ _c22सेमी (सजिल्द) |
||
| 942 |
_2ddc _cHN _mगांधीम _h954.03 |
||
| 999 |
_c34178 _d34178 |
||